000 00650nam a2200229Ia 4500
008 220216s9999 xx 000 0 und d
100 _aKwesiga F
245 0 _aAgroforestry research and development in Southern Africa during the 1990s : Review and challenges ahead
260 _bAgroforestry Systems
_c2003
300 _a173-186
650 _aBiomass transfer
650 _aImproved fallows
650 _aIndigenous fruits
650 _aRotational woodlots
650 _aScaling up
650 _aSoil fertility
700 _aAgumya A
700 _aAkinnifesi F K
700 _aMafongoya P L
700 _aMcDermott M H
942 _cJS
999 _c53988
_d53988